| 000 | 00895nam a2200229Ia 4500 | ||
|---|---|---|---|
| 003 | GCL | ||
| 008 | 140319s9999 xx 000 0 ara d | ||
| 020 | _a5306069957 | ||
| 040 |
_aGCL / _cGCL |
||
| 082 | 0 | 4 |
_a155.45 _bا ع |
| 100 | 1 | _aاسامة محمد البطاينة | |
| 245 | 1 | 0 |
_aعلم نفس الطفل غير العادى : _bEXCEPTIONAL CHILD PSYCHOLOGY / _cاسامة محمد البطاينة |
| 700 | 1 | _aعبدالناصر ذياب الجراح | |
| 700 | 1 | _aمامون محمود غوانمة | |
| 250 | _aالاولى | ||
| 260 |
_aالاردن : _bدار المسيرة للنشر والتوزيع والطباعة ، _c2007 |
||
| 300 |
_a688 ص ؛ _c24 سم |
||
| 650 | 0 | 4 | _aعلم النفس الفسيولوجى |
| 650 | 0 | 4 | _aالاطفال - امراض - علم نفس |
| 650 | 0 | 4 | _aالامراض العقلية - الجوانب النفسية |
| 942 |
_2ddc _cBK |
||
| 999 |
_c9938 _d9938 |
||